Statistiken für Germanische Sprachen

Klicken Sie hier um das Quiz zu spielen!

Allgemein

  • Dieses Quiz wurde 213 mal gespielt
  • Das Durchschnittsergebnis liegt bei 8 aus 13

Antwortstatistiken

Sprache% Korrekt
Deutsch
98%
Schwedisch
93%
Dänisch
92%
Norwegisch
92%
Niederländisch
91%
Englisch
84%
Isländisch
82%
Luxemburgisch
49%
Friesisch
36%
Afrikaans/Afrikanisch
28%
Gotisch (†)
25%
Jiddisch/Jüdisch
25%
Färöisch
24%

Verteilung der Resultate

Perzentil nach korrekt beantworteten Fragen

Anzahl Personen mit jedem Resultat

Ihre Resultats-Entwicklung

Sie haben dieses Quiz noch nicht gespielt